Statistiques concernant Les plus grandes villes d'Europe occidentale sur une carte

Cliquez ici pour prendre le quiz!

Statistiques générales

  • Ce quiz a été pris 441 fois
  • Le résultat moyen est 27 sur 33

Réponses sur la Carte

Les réponses sont colorées sur une échelle allant du rouge au vert en fonction du pourcentage des utilisateurs qui les ont devinées à leur premier essai. Vous pouvez retrouver ces pourcentages ci-dessous.
 

Statistiques - réponses

PopulationCity% Correct
11,400,000Paris
100%
6,550,000Madrid
99%
1,660,000Marseille
98%
3,575,000Rome
98%
14,800,000Londres
97%
4,775,000Barcelone
96%
4,725,000Berlin
96%
2,475,000Lisbonne
96%
1,980,000Lyon
95%
3,350,000Athènes
93%
2,700,000Bruxelles
92%
2,475,000Amsterdam
90%
6,200,000Milan
90%
1,540,000Porto
88%
2,250,000Vienne
88%
3,050,000Manchester
87%
4,225,000Naples
87%
2,250,000Munich
86%
2,225,000Stockholm
83%
1,640,000Turin
83%
1,880,000Liverpool
81%
3,250,000Rotterdam
81%
1,680,000Copenhague
80%
2,000,000Valence
76%
3,250,000Francfort
71%
2,875,000Hambourg
71%
5,000,000Cologne / Düsseldorf
68%
1,680,000Glasgow
66%
3,150,000Birmingham
64%
2,400,000Stuttgart
54%
2,175,000Leeds
51%
1,570,000Sheffield
31%
1,580,000Mannheim
27%

Distribution des résultats

Percentile par nombre de réponses

% des personnes avec chaque résultat

Votre développement - résultats

Vous n’avez pas pris ce quiz